| 000 | 00434nam a22001697a 4500 | ||
|---|---|---|---|
| 005 | 20180810112029.0 | ||
| 008 | 160503b xxu||||| |||| 00| 0 eng d | ||
| 020 | _a0-07-048280-2 | ||
| 041 | _aeng | ||
| 082 |
_b1193 _a658.3 |
||
| 100 |
_aAswathappa, K. _94751 |
||
| 245 | _aH.R. and Personnal management. Textand ares | ||
| 260 |
_aNew Delhi _bTata MC Graw Hill, _c2002 |
||
| 300 | _a615, | ||
| 650 |
_aManagement _9241 |
||
| 942 | _cBK | ||
| 999 |
_c478 _d478 |
||